Historia de la conquista de México (Record no. 10928)

MARC details
000 -CABECERA
campo de control de longitud fija 01233nam a22002657a 4500
001 - NÚMERO DE CONTROL
campo de control BRCA_9307
003 - IDENTIFICADOR DEL NÚMERO DE CONTROL
campo de control FranzMayer
005 - FECHA Y HORA DE LA ÚLTIMA TRANSACCIÓN
campo de control 20230811120156.0
008 - DATOS DE LONGITUD FIJA--INFORMACIÓN GENERAL
campo de control de longitud fija 230809b |||||||| |||| 00| 0 eng d
040 ## - FUENTE DE LA CATALOGACIÓN
Centro catalogador/agencia de origen MFM
Lengua de catalogación esp
Centro/agencia transcriptor MFM
050 #0 - SIGNATURA TOPOGRÁFICA DE LA BIBLIOTECA DEL CONGRESO
Número de clasificación F1230
Número de documento/Ítem .S65 1732
100 1# - ENTRADA PRINCIPAL--NOMBRE DE PERSONA
Código de función/relación Autor
Nombre de persona Solís y Rivadeneyra, Antonio de
9 (RLIN) 29006
240 ## - TÍTULO UNIFORME
Título uniforme Historia de la conquista de México
Medio poblacion, y progressos de la America Septentrional conocida por el nombre de Nueva España
Lenguaje de la obra español
245 0# - MENCIÓN DE TÍTULO
Título Historia de la conquista de México
Resto del título poblacion, y progressos de la America Septentrional conocida por el nombre de Nueva España
260 ## - PUBLICACIÓN, DISTRIBUCIÓN, ETC.
Lugar de publicación, distribución, etc. Madrid
Nombre del editor, distribuidor, etc. Imprenta de Bernardo Peralta
Fecha de publicación, distribución, etc. 1732
300 ## - DESCRIPCIÓN FÍSICA
Extensión 349 p
Dimensiones 30 cm
500 ## - NOTA GENERAL
Nota general Fondo antiguo
500 ## - NOTA GENERAL
Nota general Ejemplar se encuentra en caja fuerte
500 ## - NOTA GENERAL
Nota general Encuadernado en pergamino y con algo de daño en las hojas.
501 ## - NOTA DE "CON"
Nota de “Con” Fondo reservado: para su consulta es necesario credencial de usuario y carta de motivos.
505 ## - NOTA DE CONTENIDO CON FORMATO
Nota de contenido con formato Texto en: españolIncluye: índice temáticoDirigido a: historiadores, sociólogos, antropólogos.
650 1# - PUNTO DE ACCESO ADICIONAL DE MATERIA--TÉRMINO DE MATERIA
Fuente del encabezamiento o término México
Término de materia o nombre geográfico como elemento de entrada Historia de México
Subdivisión de forma Nueva España
9 (RLIN) 29007
651 2# - PUNTO DE ACCESO ADICIONAL DE MATERIA--NOMBRE GEOGRÁFICO
Fuente del encabezamiento o término España
Nombre geográfico Conquista española
Subdivisión de forma 1519-1540
9 (RLIN) 29008
942 ## - ELEMENTOS DE PUNTO DE ACCESO ADICIONAL (KOHA)
Fuente del sistema de clasificación o colocación Library of Congress Classification
Tipo de ítem Koha Libros
Holdings
Estado de retiro Estado de pérdida Fuente del sistema de clasificación o colocación Estado dañado No para préstamo Código de colección Localización permanente Ubicación/localización actual Fecha de adquisición Fuente de adquisición Total de préstamos Signatura topográfica completa Código de barras Fecha visto por última vez Precio válido a partir de Tipo de ítem Koha
El ejemplar forma parte de la colección y puede ser consultado según las políticas vigentes.   Library of Congress Classification     Libros Antiguos y Raros Biblioteca del Museo Franz Mayer (Rogerio Casas-Alatriste) Biblioteca del Museo Franz Mayer (Rogerio Casas-Alatriste) 09/08/2023 Donación   F1230 .S65 1732 LAR00193 09/08/2023 09/08/2023 Libros